000 01201nam a2200373 a 4500
001 20608
003 VRT
005 20260127141204.0
008 250414s1978 xo 0 slo
015 _aSNBA1978
035 _aSNK000056266
039 9 _a202504141423
_bVLOAD
_c202403152028
_dVLOAD
_c201808141249
_dVLOAD
_c201808141249
_dVLOAD
040 _aSNK
_bslo
_cSNK
_eAACR2
041 0 _aslo
044 _axo
_cSK
080 _a830-3
_21981
100 1 _aAntkowiak, Alfred
_4aut
245 1 0 _aPeklo dodrží svoj sľub
_cAlfred Antkowiak ; Katarína Dlouhá, Otakar Rosa
250 _a1. vyd.
260 _aBratislava
_bPravda
_c1978
_eBratislava
_fPravda
300 _a391 s., 18,46 AH
_c21 cm
366 _e20000 výtl.
490 1 _aČlenská knižnica Pravda
500 _aVysvetl.
700 1 _aDlouhá, Katarína
_4trl
700 1 _aRosa, Otakar
_4bkd
942 _2ddc
_cKLDO
_n0
949 _6273K0285737
_asvkpoA 112082
_bsvkpo258974
949 _64710700256
_91
_astrmkB
_bstrmk2008/256
949 _617A0162426
_9P60, <04>, [BOOK], {604}
_asnkSC 45317 D1
949 _617A0769759
_asnkSC 45317
999 _c20608
_d20608